Descobreix els productes de la Terra /
Descripción Física:
1 tríptic ; il·lustracions color ; 20 x 20 cm
Materias:
Aliments locals -- Catalunya
Idioma:
Catalán
MARC
| LEADER | 00000nam a22000007a 4500 | ||
|---|---|---|---|
| 001 | 27603 | ||
| 003 | Arxiu | ||
| 005 | 20260324181157.0 | ||
| 008 | 230328b spa||||| |||| 00| 0 cat d | ||
| 017 | |a B 8810-2022 | ||
| 040 | |a agdb |b cat | ||
| 110 | 2 | |9 51984 |a Xarxa Productes de la Terra | |
| 245 | |a Descobreix els productes de la Terra / |c Diputació de Barcelona ; Xarxa Productes de la Terra | ||
| 260 | |a Barcelona : |b Diputació de Barcelona ; |c 2022 | ||
| 300 | |a 1 tríptic ; |b il·lustracions color ; |c 20 x 20 cm | ||
| 650 | 0 | |9 53402 |a Aliments locals |z Catalunya | |
| 710 | |a Barcelona (Catalunya : Província). |b Àrea de Desenvolupament Econòmic, Turisme i Comerç |9 56023 | ||
| 942 | |2 udc |c ARXIU |n 1 | ||
| 952 | |0 0 |1 0 |2 udc |4 0 |6 FU74212 |7 1 |9 65822 |a Arxiu |b Arxiu |d 2023-03-28 |l 0 |o FU-74-212 |p 27603 |r 2023-03-28 00:00:00 |w 2023-03-28 |y ARXIU | ||
| 999 | |c 83267 |d 83267 | ||